Mergers,Acquisitions, and other Restructuring Activities (Record no. 2801)

000 -LEADER
fixed length control field 00450nam a22001817a 4500
003 - CONTROL NUMBER IDENTIFIER
control field OSt
005 - DATE AND TIME OF LATEST TRANSACTION
control field 20210721085843.0
008 - FIXED-LENGTH DATA ELEMENTS--GENERAL INFORMATION
fixed length control field 210721b ||||| |||| 00| 0 eng d
020 ## - INTERNATIONAL STANDARD BOOK NUMBER
International Standard Book Number 9789381269183
040 ## - CATALOGING SOURCE
Transcribing agency ALUPE UNIVERSITY
050 ## - LIBRARY OF CONGRESS CALL NUMBER
Classification number HD58.8
Item number .D46 2011
100 ## - MAIN ENTRY--PERSONAL NAME
Personal name Donald M. DePamphilis
245 ## - TITLE STATEMENT
Title Mergers,Acquisitions, and other Restructuring Activities
250 ## - EDITION STATEMENT
Edition statement 6ed
260 ## - PUBLICATION, DISTRIBUTION, ETC.
Date of publication, distribution, etc. c2011
300 ## - PHYSICAL DESCRIPTION
Extent 753p
942 ## - ADDED ENTRY ELEMENTS (KOHA)
Source of classification or shelving scheme
Koha item type Book
Suppress in OPAC DO
Holdings
Withdrawn status Lost status Source of classification or shelving scheme Damaged status Not for loan Permanent Location Current Location Shelving location Date acquired Source of acquisition Total Checkouts Full call number Barcode Date last seen Price effective from Koha item type Public note
          AU LIBRARY AU LIBRARY Open Shelf 21.07.2021 donation from moi university   HD58.8 .D46 2011 28002709 21.07.2021 21.07.2021 Book DO

Powered by Koha